000 00820nam a2200253Ia 4500
003 OSt
005 20221005044246.0
006 a|||||r|||| 00| 0
007 ta
008 221004b |||||||| |||| 00| 0 eng d
020 _a9788125037354 (pbk)
_c445
024 _a102145
037 _b082, 16/02/2010, Independent Publishers Group
_cTextual
040 _aCRL
_cCRL
_beng
041 _2eng
_aeng
082 _aO111:g(N), P9
100 _aPanja Shormishtha Ed.
245 0 _aWord, image and text
_b Studies in literary and visual culture
260 _aHyderabad
_bOrient Blackswan India
_c2009
300 _aix,176p.
_ccm.
650 _aENGLISH LITERATURE
942 _hO111:g(N), P9
_cTEXL
_2cc
999 _c953141
_d953141